Letter Or Number Minefield Blitz Quiz Stats

 Plays Quiz Updated Dec 11, 2015

Also try: A-B-C-D-E Quiz
Challenge
Share
Tweet
Embed
Score 0/52 Timer 00:30
1 Play Today
Hint L or N % Correct
23???
57.2%
R???
57.2%
12???
57.2%
Q???
57.2%
K???
57.2%
T???
57.1%
Y???
57.1%
W???
57.1%
G???
57.1%
L???
57.1%
24???
57%
P???
57%
16???
57%
19???
57%
10???
57%
25???
57%
13???
57%
F???
57%
C???
57%
M???
57%
22???
57%
U???
57%
26???
56.9%
21???
56.9%
18???
56.9%
D???
56.9%
Hint L or N % Correct
14???
56.8%
17???
56.8%
20???
56.8%
X???
56.8%
11???
56.7%
15???
56.7%
J???
56.7%
H???
56.6%
4???
56.7%
V???
56.6%
E???
56.6%
2???
56.6%
Z???
56.5%
3???
56.4%
9???
56.3%
A???
56.3%
N???
56.1%
6???
56.1%
7???
56.1%
B???
56%
O???
56%
S???
55.9%
8???
55.7%
1???
55.2%
5???
55.1%
I???
54.7%

You're not logged in!

Compare scores with friends on all Sporcle quizzes.
Join for Free
OR
Log In

You Might Also Like...

Show Comments

Extras

Top Quizzes Today


Score Distribution

Your Account Isn't Verified!

In order to create a playlist on Sporcle, you need to verify the email address you used during registration. Go to your Sporcle Settings to finish the process.

Report this User

Report this user for behavior that violates our Community Guidelines.

Details: